[Event "Sueca op 7th"]
[Site "Sueca"]
[Date "2023.08.12"]
[Round "7"]
[White "Almagro Recio, Vicente"]
[Black "Roca Cruz, Rafael"]
[Result "1-0"]
[WhiteElo "1689"]
[BlackElo "1912"]
[PlyCount "51"]
[EventDate "2023.08.07"]
[EventType "swiss"]
[EventRounds "9"]
[EventCountry "ESP"]
[SourceTitle "CBM 215 Extra"]
[Source "ChessBase"]
[SourceDate "2023.09.30"]
[SourceVersion "1"]
[SourceVersionDate "2023.09.30"]
[SourceQuality "1"]

1. d4 b5 2. e4 Bb7 3. Bd3 Nf6 4. Nd2 e6 5. Ngf3 a6 6. 0-0 Be7 7. Re1 d6 8. c3 0-0 9. a4 c6 10. Qc2 g6 11. Nb3 Nbd7 12. Bh6 Re8 13. axb5 axb5 14. Rxa8 Bxa8 15. h3 Nb6 16. Nbd2 Qd7 17. e5 Nh5 18. exd6 Bxd6 19. Ne4 f5 20. Nxd6 Qxd6 21. Ne5 Nd5 22. Qc1 Nc7 23. Qg5 c5 24. Nxg6 Ng7 25. Bxg7 hxg6 26. Be5 1-0

[Event "Sueca op 7th"]
[Site "Sueca"]
[Date "2023.08.09"]
[Round "4"]
[White "Almagro Recio, Vicente"]
[Black "Borissov, Julian"]
[Result "0-1"]
[WhiteElo "1689"]
[BlackElo "2037"]
[PlyCount "55"]
[EventDate "2023.08.07"]
[EventType "swiss"]
[EventRounds "9"]
[EventCountry "ESP"]
[SourceTitle "CBM 215 Extra"]
[Source "ChessBase"]
[SourceDate "2023.09.30"]
[SourceVersion "1"]
[SourceVersionDate "2023.09.30"]
[SourceQuality "1"]

1. d4 Nf6 2. c4 e6 3. Nf3 b6 4. e3 Bb7 5. Be2 Be7 6. 0-0 0-0 7. Nc3 Ne4 8. Nxe4 Bxe4 9. b3 d6 10. Nd2 Bg6 11. Bf3 d5 12. Qe2 a5 13. Bb2 c6 14. e4 Na6 15. a3 Qd7 16. Rfd1 b5 17. Rac1 bxc4 18. bxc4 Rfb8 19. Rb1 Nc7 20. Bh5 Ra7 21. Bxg6 hxg6 22. a4 Rab7 23. Bc3 Bb4 24. Bxb4 Rxb4 25. cxd5 cxd5 26. h3 Qxa4 27. Ra1 Qb5 28. Nf3 0-1

[Event "Sueca op 7th"]
[Site "Sueca"]
[Date "2023.08.07"]
[Round "1"]
[White "Argandona Riveiro, Inigo"]
[Black "Almagro Recio, Vicente"]
[Result "1-0"]
[WhiteElo "2344"]
[BlackElo "1689"]
[PlyCount "36"]
[EventDate "2023.08.07"]
[EventType "swiss"]
[EventRounds "9"]
[EventCountry "ESP"]
[SourceTitle "CBM 215 Extra"]
[Source "ChessBase"]
[SourceDate "2023.09.30"]
[SourceVersion "1"]
[SourceVersionDate "2023.09.30"]
[SourceQuality "1"]

1. Nf3 d5 2. d4 Nf6 3. c4 c6 4. e3 Bf5 5. Nc3 e6 6. Nh4 Be4 7. f3 Bg6 8. Qb3 Qb6 9. Nxg6 Qxb3 10. axb3 hxg6 11. c5 Nbd7 12. b4 Be7 13. b5 0-0 14. bxc6 bxc6 15. Ra6 Nb8 16. Ra4 Nbd7 17. b4 Rfc8 18. Ba6 Re8 1-0